000
00315nam a22001217a 4500
008
181005b xxu||||| |||| 00| 0 eng d
041
_a
eng
080
_a
610
100
_a
45
101
_a
FIZ
245
_a
RFrontline Treatment Of Copd Amonography Of Primary Cre Physicians
_c
Muraray.j..f
942
_2
udc
_c
BK
999
_c
48878
_d
48878